000 01391nam a2200385 c 4500
001 18087
003 ES-MaCES
005 20241212040004.0
008 051014s2005 sp l 000 | spa d
017 _aM 2173-2005
_bDL
020 _a8497255682
035 _aCES20050011732m
040 _aES-MaCES
_bspa
_cES-MaCES
245 0 0 _aEstatuto de los Trabajadores
_b: comentado y con Jurisprudencia
_cSalvador del Rey Guanter, director ; [Rubén Agote Eguizábal, Carolina Gala Durán y Manuel Luque Parra (coordinadores)]
250 _a1ª ed
260 _aLas Rozas (Madrid)
_bLa Ley
_c2005
300 _a1477 p.
_c25 cm
500 _aÍndices
541 _cCompra
610 1 7 _aEspaña
_tEstatuto de los Trabajadores, 1995. Texto Refundido
_2
_92877
650 4 _aEstatuto de los Trabajadores
_930784
650 4 _a1995
_930872
650 4 _atexto
_929624
650 4 _acomentario
_928971
650 4 _ajurisprudencia
_928624
653 1 0 _aDerecho del trabajo y Seguridad Social
700 1 _aRey Guanter, Salvador del
_edir.
_921969
700 1 _aAgote Eguizábal, Rubén
_ecol.
_95639
700 1 _aGala Durán, Carolina
_ecol.
_912569
700 1 _aLuque Parra, Manuel
_ecol.
_917160
710 1 _aEspaña
_tEstatuto de los Trabajadores, 1995. Texto Refundido
_92877
902 _aLIB Libro
942 _2CES
_cBK
_h6.0.1.
999 _c18087
_d18087